| Tag |
First Indicator |
Second Indicator |
Subfields |
| LEADER |
00000cam a2200000 a 4500 |
| 001 |
in00000027889 |
| 005 |
20151007054642.0 |
| 008 |
871231s1988 nyu 00011 eng |
| 010 |
|
|
|a 87036703
|
| 020 |
|
|
|a 0312017286 :
|c $16.95
|
| 035 |
|
|
|a (OCoLC)17413347
|
| 035 |
|
|
|9 AAB5832AM
|
| 040 |
|
|
|a DLC
|c DLC
|d TXA
|d UtOrBLW
|
| 049 |
|
|
|a TXAM
|c 1 [A11504200]
|c 2 [A11866327]
|
| 050 |
0 |
0 |
|a PS3556.L355
|b A79 1988
|
| 082 |
0 |
|
|a 813/.54
|2 19
|
| 100 |
1 |
|
|a Flanigan, Sara.
|
| 245 |
1 |
0 |
|a Alice :
|b a novel /
|c by Sara Flanigan.
|
| 250 |
|
|
|a 1st ed.
|
| 264 |
|
1 |
|a New York :
|b St. Martin's Press,
|c [1988]
|
| 264 |
|
4 |
|c ©1988
|
| 300 |
|
|
|a 306 pages ;
|c 21 cm.
|
| 336 |
|
|
|a text
|b txt
|2 rdacontent
|
| 337 |
|
|
|a unmediated
|b n
|2 rdamedia
|
| 338 |
|
|
|a volume
|b nc
|2 rdacarrier
|
| 999 |
|
|
|a MARS
|
| 999 |
f |
f |
|s d653fb18-c555-329e-8ef6-341272c1cf9c
|i e4d95360-4d1c-3438-bcb1-7c3ce0e5ce89
|t 0
|
| 952 |
f |
f |
|p ric
|a Texas A&M University
|b Rellis Campus
|c Joint Library Facility
|d Remote Storage
|t 0
|e PS3556.L355 A79 1988
|h Library of Congress classification
|i unmediated -- volume
|m A14811504200
|
| 998 |
f |
f |
|a PS3556.L355 A79 1988
|t 0
|l Remote Storage
|